000 00799nam a22002777a 4500
001 BR9903141
003 BR-BrBNA
005 20230928100429.0
007 ta
008 230509b bl.||||| |||| 00| 0 por d
040 _aBR-BrBNA
_bpor
_cBiblioteca Nacional de Agricultura
041 _a(Por)
072 _aM12
_b8105
090 _ 8105 BR9903141
100 1 _aCyrino, J.E.P.
100 1 _aKubitza, F.
110 1 _aServico de Apoio as Micro e Pequenas Empresas do Estado de Mato Grosso, Cuiaba (Brasil)
_99297
245 1 _aPiscicultura
_bColecao Agroindustria, v. 8
260 3 _aCuiaba, MT (Brasil):
_c1996.
300 _a82 p.
500 _a37 ref.; 5 tables; 13 illus.
650 _aPeixe de Agua Doce
650 _aCriacao
909 _a202309
_bLucia
_c55
_dLucia Elande
942 _cBK
999 _c61294
_d61294